000 00698nam a2200205 4500
003 OSt
005 20250702031000.0
006 a
008 240731b |||||||| |||| 00| 0 eng d
020 _a9710489848
040 _aDWCL-Main lib.
_cOC
082 _22011 edition
_aFil. 657.835 P984p 2011
100 _aPunzalan, Angelito R.
245 _aProcedural and comprehensive approach in government accounting for accounting students and CPA examinees : new government accounting system (NGAS) /
250 _a2011 edition
260 _aManila :
_bGIC Enterprises & Co., Inc.,
_cc2011.
300 _b355 p. ;
_c23 cm.
650 _a1. Accounting.
942 _2ddc
_n0
_cBK - FIL
_e2011 edition
_kFil.
999 _c3009
_d3009